000
00218nam a2200097Ia 4500
005
20251222114405.0
008
251222s1900||||xx |||||||||||||| ||spa||
082
_a
DVD0080/D36
245
0
_a
Maximiliano Kolbe:
942
_c
DVD
999
_c
1786
_d
1786